000 01317nam0a22003851 4500
001 RU\NLR\A1SV\105183
005 20260123095855.0
035 _a(NLR Aleph) 009786536
090 _a10118318
_c10118318
100 _a20100702d1923 u y0rusy50 ca
101 1 _arus
_cfre
102 _aRU
200 1 _aПоследние мысли
_fАнри Пуанкарэ
_gПер. А.И.Стожарова, под ред. [и с предисл.] А.П.Афанасьева
_gС портр. авт.
210 _aПг.
_cНауч. кн-во
_d1923
215 _a134 с., 1 л. портр.
_d17 см
620 _dСанкт-Петербург
700 1 _aПуанкаре
_bА.
_f1854-1912
_gАнри
_3RU\NLR\AUTH\7756915
702 1 _aСтожаров
_bА.И.
_f1900-1982
_gАндрей Иванович
702 1 _aАфанасьев
_bА. П.
_cфизик
_f1878-1940
_gАполлон Павлович
_3RU\NLR\AUTH\7772318
801 0 _aRU
_bNLR
_c20100702
852 _aNLR
_j40.15.7.56
852 _aNLR
_j128/2581
852 _aNLR
_jМф К1/1413
899 _aГПИБ
899 _aСПбГУ
899 _aАКУНБ
899 _aВладОУНБ
899 _aРГБ
899 _aТОУНБ
899 _aКирОУНБ
899 _aМГУ
942 _cBOOK
980 _aA1SV
980 _aNB